Central Library OPAC University of Rajshahi

Book-keeping and accounts / (Record no. 61495)

MARC details
000 -LEADER
fixed length control field 00722nam a2200253 a 4500
001 - CONTROL NUMBER
control field 61495
003 - CONTROL NUMBER IDENTIFIER
rucl marc code BD-RjUL
005 - DATE AND TIME OF LATEST TRANSACTION
control field 20211209080954.0
008 - FIXED-LENGTH DATA ELEMENTS--GENERAL INFORMATION
fixed length control field 170118s1950 enka 001 0 eng d
035 ## - SYSTEM CONTROL NUMBER
System control number (BD-RjUL)61619
040 ## - CATALOGING SOURCE
Original cataloging agency NUN:S
Language of cataloging eng
Transcribing agency NUN:S
Modifying agency BD-RjUL
041 ## - LANGUAGE CODE
Language code of text/sound track or separate title eng
082 ## - DEWEY DECIMAL CLASSIFICATION NUMBER
Edition number 23
Classification number 657.2
Author mark and year SPB 1950
100 1# - MAIN ENTRY--PERSONAL NAME
Personal name Spicer, Ernest Evan
9 (RLIN) 183283
245 10 - TITLE STATEMENT
Title Book-keeping and accounts /
Statement of responsibility, etc. Ernest Evan Spicer and Ernest C. Pegler
250 ## - EDITION STATEMENT
Edition statement 12th ed.
260 ## - PUBLICATION, DISTRIBUTION, ETC. (IMPRINT)
Place of publication, distribution, etc. London :
Name of publisher, distributor, etc. H.F.L.,
Date of publication, distribution, etc. 1950.
300 ## - PHYSICAL DESCRIPTION
Pagination xvi, 695 p. :
Illustrations ili ;
Size 25 cm.
500 ## - GENERAL NOTE
General note Includes index.
650 ## - SUBJECT ADDED ENTRY--TOPICAL TERM
Topical term or geographic name as entry element Accounting.
9 (RLIN) 175106
Topical term or geographic name as entry element Bookkeeping.
9 (RLIN) 182506
700 ## - ADDED ENTRY--PERSONAL NAME
Personal name Pegler, Ernest C.
942 ## - ADDED ENTRY ELEMENTS (KOHA)
Source of classification or shelving scheme Dewey Decimal Classification
Koha item type Books
Holdings
Lost status Source of classification or shelving scheme Damaged status Not for loan Collection code Permanent Location Current Location Shelving location Date acquired Source of acquisition Cost, normal purchase price Total Checkouts Full call number Date last seen Copy number Koha item type
  Dewey Decimal Classification   Not For Loan Non-fiction Central Library, University of Rajshahi Central Library, University of Rajshahi Reading Room 09/06/1955 Allies Books Corporation, 16.14   657.2 SPB 1950 18/01/2017 C-1 Books